Berühmte Vornamen #2 - Statistiken

Allgemein
  • Dieses Quiz wurde 732 mal gespielt
  • Das Durchschnittsergebnis liegt bei 13 aus 18
Antwortstatistiken
Vorname Nachnamen % Korrekt
Karl Marx, Lagerfeld, May
96%
Michael Douglas, Schumacher, Jackson
94%
John Steinbeck, Travolta, Lennon
93%
Paul Klee, McCartney, von Hindenburg
89%
Wladimir Putin, Lenin, Klitschko
89%
Charlie Chaplin, Sheen, Parker
88%
Arnold Böckler, Schwarzenegger, Mendelssohn
87%
Helmut Lang, Lotti, Kohl
86%
Otto Hahn, von Bismarck, Schily
86%
Robert Kennedy, De Niro, Schumann
82%
Claudia Roth, Schiffer, Michelsen
81%
Nina Hagen, Simone, Hoss
69%
Margaret Thatcher, Atwood, Mitchell
61%
Julia Görges, Roberts, Dietze
50%
Adolf Loos, Eichmann, Dassler
43%
Samuel Beckett, Koch, Morse, Finzi
32%
Emily Brontë, Blunt, Dickinson
31%
Jean Sibelius, Genet, Paul, Piaget
21%
Keine übereinstimmenden Quizze gefunden
Verteilung der Resultate
Anzahl Personen mit jedem Resultat
Perzentil nach korrekt beantworteten Fragen
Ihre Resultats-Entwicklung
Sie haben dieses Quiz noch nicht gespielt